Islami Riyasat / (Record no. 563235)

000 -LEADER
fixed length control field 00334nam a2200121Ia 4500
008 - FIXED-LENGTH DATA ELEMENTS--GENERAL INFORMATION
fixed length control field 210430s9999 xx 000 0 und d
082 ## - DEWEY DECIMAL CLASSIFICATION NUMBER
Classification number 297M924 I
100 ## - MAIN ENTRY--PERSONAL NAME
Personal name Sayyid Abul A'La Modudi.
9 (RLIN) 129436
245 ## - TITLE STATEMENT
Title Islami Riyasat /
Statement of responsibility, etc. Sayyid Abul A'La Modudi.
260 ## - PUBLICATION, DISTRIBUTION, ETC.
Place of publication, distribution, etc. Lahore
Name of publisher, distributor, etc. khurshad ahmad
Date of publication, distribution, etc. 2006
300 ## - PHYSICAL DESCRIPTION
Extent 743p
942 ## - ADDED ENTRY ELEMENTS (KOHA)
Koha item type Book
Source of classification or shelving scheme
Holdings
Withdrawn status Lost status Source of classification or shelving scheme Damaged status Not for loan Permanent Location Current Location Shelving location Date acquired Total Checkouts Full call number Barcode Date last seen Date last checked out Price effective from Koha item type
          School of Chemical & Materials Engineering (SCME) School of Chemical & Materials Engineering (SCME) General Stacks 03/11/6 1 297.8917719 M924 I SCME-2146 03/31/2022 02/22/2022 04/30/2021 Book
© 2023 Central Library, National University of Sciences and Technology. All Rights Reserved.